| 000 | 00484nam a2200181Ia 4500 | ||
|---|---|---|---|
| 003 | GCL | ||
| 008 | 140319s9999 xx 000 0 eng d | ||
| 040 |
_aGCL / _cGCL |
||
| 082 | 0 | 4 |
_a305.231 _bG D |
| 100 | 1 | _aGREENSPAN, STANLEY | |
| 245 | 1 | 0 |
_aLE DEVELOPPEMENT AFFECTIF DE L'ENFANT / _cGREENSPAN, STANLEY |
| 700 | 1 | _aTHORNDIKE, GREENSPAN | |
| 260 |
_a[S.N] : _bFAYARD ، _c1986 |
||
| 300 | _a315 P | ||
| 650 | 0 | 4 | _aCHILD - DEVELOPMENT |
| 650 | 0 | 4 | _aCHILD - CARE |
| 942 |
_2ddc _cBK |
||
| 999 |
_c25642 _d25642 |
||